Hotel front office: Operations and management (Record no. 395630)

MARC details
000 -LEADER
fixed length control field 00566 a2200205 4500
005 - DATE & TIME
control field 20260401120145.0
008 - FIXED-LENGTH DATA ELEMENTS--GENERAL INFORMATION
fixed length control field 260324b |||||||| |||| 00| 0 eng d
020 ## - ISBN
International Standard Book Number 9789354978531
Price Rs. 795.00
040 ## - CATALOGING SOURCE
Original cataloging agency VIVEKANANDA LIBRARY
082 ## - DDC NUMBER
Classification number 647.94
Book Number T31H(3)
100 ## - MAIN ENTRY--PERSONAL NAME
Personal name Tewari, Jatashankar R
245 ## - TITLE STATEMENT
Title Hotel front office: Operations and management
250 ## - EDITION STATEMENT
Edition statement 3rd
260 ## - PUBLICATION, DISTRIBUTION, ETC. (IMPRINT)
Name of publisher, distributor, etc Oxford University Press
Date of publication, distribution, etc 2024
Place of publication, distribution, etc New Delhi
300 ## - PHYSICAL DESCRIPTION
Pages xviii, 483
650 ## - Subject
Subject Hotel Managment
650 ## - Subject
Subject Hotel Front Office
650 ## - Subject
Subject Hospitality Industry
942 ## - ADDED ENTRY ELEMENTS (KOHA)
Koha item type Books
Holdings
Withdrawn status Lost status Source of classification or shelving scheme Damaged status Not for loan Location (home branch) Sublocation or collection (holding branch) Shelving location Date acquired Koha issues (times borrowed) Koha full call number Accession No. Koha date last seen Koha item type
    Dewey Decimal Classification     VIVEKANANDA LIBRARY VIVEKANANDA LIBRARY Vivekananda Library 21/01/2026   647.94 T31H(3) 425192 21/01/2026 Books
© Designed and Maintained by Vivekananda Library, MDU Rohtak